| 000 | 01033cam a22003255a 4500 | ||
|---|---|---|---|
| 001 | 17597497 | ||
| 005 | 20160808131900.0 | ||
| 008 | 130122r20152014ii a frb 001 0 eng d | ||
| 010 | _a 2013931078 | ||
| 020 | _a8131529444 | ||
| 020 | _a9788131529447 | ||
| 035 | _a(OCoLC)ocn842043101 | ||
| 040 |
_aCWU _beng _cCWU _dEG-ScBUE |
||
| 042 | _alccopycat | ||
| 082 | 0 | 4 |
_222 _a332.024 _bGIT |
| 100 | 1 | _aGitman, Lawrence J. | |
| 245 | 1 | 0 |
_aPersonal financial planning / _cLawrence J. Gitman, Michael D. Joehnk, Randall S. Billingsley. |
| 250 | _a13th ed. | ||
| 260 |
_aDelhi : _bCengage Learning India Private Limited , _c2015. |
||
| 300 |
_axix, 635 p. : _bill. ; _c29 cm. |
||
| 500 | _aReprint of the 2014 ed. | ||
| 500 | _aIndex : p. 622-635. | ||
| 504 | _aIncludes bibliographical references. | ||
| 650 | 7 |
_aFinance, Personal. _2BUEsh _922964 |
|
| 651 | _2BUEsh | ||
| 653 |
_bBUSADM _cAugust 2016 |
||
| 700 | 1 |
_aJoehnk, Michael D. _911772 |
|
| 700 | 1 |
_aBillingsley, Randall S. _940689 |
|
| 942 |
_2ddc _e22 _k332.024 GIT |
||
| 999 |
_c22132 _d22104 |
||